01222nam a2200265Ia 450000500170000000800410001702000150005808200170007310000220009024500960011225000190020830000580022750000420028550502630032753400330059065000430062365000470066665000590071365000360077226400250080833600270083333700330086033800280089304000350092120220317001321.0161108s9999 sp a g 000 0 spa  a842915520104a796.07bD68e1 aNeil J, Dougherty10aEducación física y deportesbpara el alumno de la escuela secundariacNeil J. Dougherty a1a. edición  a479 páginasbilustraciones en blanco y negroc24 cm aIncluye datos biográficos del autor aAptitud física -- Desarrollo de la habilidad y destreza motora y su equivalencia -- Tiro con arco -- Badminton -- Baloncesto -- Bowling o bolera americana -- El baile y la danza en la educación -- Hokey sobre hierba -- Touch-fútbol (Coed flag Football) tPhysical education and sport142LEMBaEducacion físicaxEnseñanza 142LEMB aEducación físicaxMetodología142LEMB a Educación física para jóvenes vGuías 142LEMB aEntrenamiento deportivo  aBarcelonabReverté atextobtxt2rdacontent asin mediaciónbn2rdamedia avolumenbnc2rdacarrier aCO-BoRNBPbspaerdacCO-BoRNBP